| 000 | 00452nas a22001577a 4500 | ||
|---|---|---|---|
| 005 | 20251108173137.0 | ||
| 008 | 250721s9999 xx mr 000 0 ara d | ||
| 082 | 1 | 4 | _aR/004.05/PC |
| 245 | 1 | 0 | _aPC Magazine : العربية / |
| 246 | 1 | 1 | _aالطبعه العربية |
| 264 | 1 |
_aنيويورك : _bشركة زيف ديفيز للنشر، |
|
| 310 | _aMonthly | ||
| 650 | 1 | 7 | _aالدوريات العربية |
| 942 |
_2ddc _cPER |
||
| 999 |
_c97065 _d97065 |
||